| 000 | 00733cab a2200205 4500 | ||
|---|---|---|---|
| 001 | ##L134021 | ||
| 008 | 060703n2006 000 0 eng u | ||
| 035 | _a(Sirsi) u134021 | ||
| 041 | 0 | _aeng | |
| 100 | 1 | _aGoldie, Anna | |
| 245 | 0 | 0 |
_aNorth-east _bregional |
| 260 | _c2006 | ||
| 490 | 0 |
_aProperty Week _v71(25) 23 June 2006, 101-116(7) |
|
| 520 | _aLooks at the past decade of regeneration that has transformed the region, with prospects for the future, and the region's retail market, focusing on the rise in demand for retail space in Newcastle. | ||
| 590 | _aIKA040706 | ||
| 651 | 4 | _aNORTHEAST ENGLAND | |
| 651 | 4 | _aNEWCASTLE UPON TYNE | |
| 690 | _aPROPERTY-COMMERCIAL PROPERTY-COMMERCIAL PROPERTY MARKET | ||
| 942 | _n0 | ||
| 999 |
_c77329 _d77329 |
||